00690nam a2200169 a 450000100060000000300090000600800410001502000150005604000280007108200180009924500250011726000430014230000280018550502550021365000270046865000250049519126CO-ViMGA141112s2004 ck r 000 u spa d a9582814799 aCO-ViMGAbspacCO-ViMGA04a910.021 M171m10aMaravillosa Colombia aBogotá : bIntermedio Editores; 2003 aEn coleccion vol. 1 y 2 aTomo 1 : Colombia prehispanica Cundinamarca y Boyacá Bogotá Los Santanderes Antioquia y el eje cafetero El Valle del Magdalena Tomo 2 : el Folklore El Valle del rio Cauca Los Andes del sur La Costa Pacifica La Costa Atlantica Orinoquia y Amazonia14aARQUEOLOGIA - COLOMBIA14aCOLOMBIA - GEOGRAFIA